000 01538cam a2200373 a 4500
001 16147541
005 20170105102916.0
008 100322s2010 nyu b 001 0 eng
010 _a 2010011776
020 _a9781849040778 (alk. paper)
035 _a(OCoLC)ocn569552262
040 _aDLC
_cDLC
_dYDX
_dCDX
_dYDXCP
_dDLC
042 _apcc
043 _aa-cc---
_aa-ii---
_as-bl---
050 0 0 _aJC364
_b.N37 2010
082 0 0 _a327.09172/4
_222
100 1 _aNarlikar, Amrita.
245 1 0 _aNew powers :
_bhow to become one and how to manage them /
_cAmrita Narlikar.
260 _aNew York :
_bColumbia University Press,
_cc2010.
300 _ax, 199 p. ;
_c23 cm.
490 0 _aCrises in world politics
504 _aIncludes bibliographical references (p. 177-191) and index.
505 0 _aBargaining for a raise? New powers in the international system -- India : when no means no -- China : a snark or a boojum? -- Brazil : does being not feared make one loved? -- Conclusion : tall poppies and doormats.
650 0 _aMiddle powers
_vCase studies.
651 0 _aIndia
_xPolitics and government
_y1977-
651 0 _aIndia
_xForeign relations
_y1984-
651 0 _aChina
_xPolitics and government
_y2002-
651 0 _aChina
_xForeign relations
_y1976-
651 0 _aBrazil
_xPolitics and government
_y2003-
651 0 _aBrazil
_xForeign relations
_y1985-
906 _a7
_bcbc
_corignew
_d1
_eecip
_f20
_gy-gencatlg
942 _2ddc
_cBK
999 _c15367
_d15367